00237nam a2200085Ia 450000100070000000500170000700800410002424500590006526000270012493135720250826214907.0250824s9999 xx 000 0 und d 0aOFFF ÇOK SIKILDIM/N1cHALENUR ÇALIŞAN GÜRBÜZ bTAZE KİTAP YAYINLARI